Les boulevards de Paris sur une carte - Statistiques

Statistiques générales
  • Ce quiz a été pris 859 fois
  • Le résultat moyen est 26 sur 114
Réponses sur la Carte
Les réponses sont colorées sur une échelle allant du rouge au vert en fonction du pourcentage des utilisateurs qui les ont devinées à leur premier essai. Vous pouvez retrouver ces pourcentages ci-dessous.
 
Statistiques - réponses
Arrondissement Boulevard % Correct
5e / 6e / 7e Bd. Saint-Germain
65%
5e / 6e Bd. Saint-Michel
62%
8e / 9e Bd. Haussmann
60%
1er / 2e / 3e / 4e Bd. de Sébastopol
59%
6e / 14e / 15e Bd. du Montparnasse
57%
11e Bd. Voltaire
55%
6e / 7e / 14e Bd. Raspail
49%
9e / 18e Bd. de Clichy
46%
11e Bd. de Magenta
46%
11e / 20e Bd. de Belleville
45%
2e / 3e / 10e Bd. Saint-Denis
44%
18e Bd. Barbès
42%
8e / 17e Bd. Malesherbes
42%
10e / 19e Bd. de la Villette
41%
18e Bd. Ney
41%
10e Bd. de Strasbourg
40%
7e Bd. des Invalides
39%
10e / 18e / 19e Bd. de la Chapelle
38%
11e / 20e Bd. de Ménilmontant
38%
9e / 18e Bd. Marguerite de Rochechouart
37%
15e Bd. de Grenelle
35%
2e / 8e Bd. des Capucines
35%
12e Bd. Diderot
35%
3e / 10e Bd. Saint-Martin
35%
2e / 9e Bd. des Italiens
34%
2e / 9e Bd. Montmartre
34%
5e / 13e / 14e Bd. de Port-Royal
33%
2e / 10e Bd. de Bonne Nouvelle
32%
8e / 17e Bd. de Courcelles
32%
11e Bd. Richard Lenoir
32%
12e Bd. de Bercy
31%
12e Bd. de la Bastille
31%
12e Bd. de Picpus
31%
15e Bd. Pasteur
31%
14e Bd. Saint-Jacques
31%
11e / 20e Bd. de Charonne
30%
8e / 17e Bd. des Batignolles
30%
2e / 9e Bd. Poissonnière
30%
3e / 4e / 11e Bd. Beaumarchais
29%
15e Bd. de Vaugirard
29%
4e Bd. Henri IV
29%
17e Bd. Pereire
29%
5e / 13e Bd. Saint-Marcel
29%
13e / 14e Bd. Arago
28%
3e / 11e Bd. du Temple
28%
15e Bd. Victor
28%
19e Bd. Macdonald
27%
13e Bd. Masséna
27%
14e Bd. Brune
26%
12e Bd. de Reuilly
25%
16e Bd. Exelmans
24%
19e Bd. Sérurier
24%
13e Bd. Vincent Auriol
24%
1er / 8e / 9e Bd. de la Madeleine
23%
5e / 13e Bd. de l'Hôpital
23%
16e Bd. Murat
23%
3e / 11e Bd. des Filles du Calvaire
22%
14e Bd. Edgar Quinet
22%
12e Bd. Soult
22%
20e Bd. Davout
21%
15e Bd. Garibaldi
21%
13e Bd. Auguste Blanqui
20%
16e Bd. Lannes
20%
12e Bd. Poniatowski
20%
17e Bd. Berthier
18%
7e Bd. de la Tour-Maubourg
18%
16e Bd. Suchet
18%
14e Bd. Jourdan
17%
13e Bd. Kellermann
17%
1er / 4e Bd. du Palais
16%
17e Bd. Bessières
15%
4e Bd. Morland
15%
20e Bd. Mortier
15%
18e Bd. Ornano
15%
15e Bd. Lefebvre
14%
4e Bd. Bourdon
13%
17e Bd. Gouvion-Saint-Cyr
12%
19e Bd. d'Algérie
10%
11e Bd. Jules Ferry
10%
16e Bd. Maillot
9%
16e Bd. de Montmorency
8%
19e Bd. d'Indochine
8%
13e Bd. du Général Jean Simon
8%
12e Bd. Carnot
7%
16e Bd. de Beauséjour
7%
15e Bd. du Général Martial Valin
7%
16e Bd. Flandrin
7%
15e Bd. Gallieni
7%
10e Bd. de Denain
6%
16e Bd. de l'Amiral Bruix
6%
16e Bd. d'Auteuil
5%
17e Bd. de Reims
5%
16e Bd. Emile Augier
5%
17e Bd. Pershing
5%
14e / 15e Bd. Adolphe Pinard
4%
17e Bd. de Douaumont
4%
12e Bd. de la Guyane
4%
16e Bd. Delessert
4%
15e Bd. des Frères Voisin
4%
16e Bd. Jules Sandeau
4%
16e Bd. Maurice Barrès
4%
16e Bd. Richard Wallace
4%
14e Bd. Romain Rolland
4%
17e Bd. de Dixmude
3%
17e Bd. de la Somme
3%
17e Bd. de l'Yser
3%
17e Bd. du Bois Le Prêtre
3%
17e Bd. du Fort de Vaux
3%
13e Bd. Hippolyte Marquès
3%
16e / 17e Bd. Thierry de Martel
3%
16e Bd. André Maurois
2%
17e Bd. d'Aurelle de Paladines
2%
19e Bd. de la Commanderie
2%
16e Bd. Marbeau
2%
Aucun quiz correspondant
Distribution des résultats
% des personnes avec chaque résultat
Percentile par nombre de réponses
Votre historique - résultats
Vous n’avez pas pris ce quiz